Quản trị thương mại bán lẻ
Guardado en:
| Autor principal: | |
|---|---|
| Formato: | Libro |
| Publicado: |
Hà Nội
Chính trị quốc gia Sự thật
2017
|
| Materias: | |
| Etiquetas: |
Agregar Etiqueta
Sin Etiquetas, Sea el primero en etiquetar este registro!
|
| Thư viện lưu trữ: | Trung tâm Học liệu Lê Vũ Hùng, Trường Đại học Đồng Tháp |
|---|
| LEADER | 00745pam a22002178a 4500 | ||
|---|---|---|---|
| 001 | 00040254 | ||
| 005 | 20171117081126.0 | ||
| 008 | 170516s2006 ||||||Viesd | ||
| 020 | # | # | |c 70000 |a 978 604 57 2415 6 |
| 041 | 0 | # | |a Vie |
| 082 | 1 | # | |a 658.81 |b QU105TR |
| 100 | 0 | # | |a Đặng, Văn Mỹ |
| 245 | 0 | 0 | |a Quản trị thương mại bán lẻ |c Đặng Văn Mỹ |
| 260 | # | # | |a Hà Nội |b Chính trị quốc gia Sự thật |c 2017 |
| 300 | # | # | |a 284 tr. |c 21 cm. |
| 653 | # | # | |a Quản trị |
| 653 | # | # | |a bán lẻ |
| 653 | # | # | |a thương mại |
| 852 | # | # | |j KD.0022460 |j KM.0023467 |j KM.0023909 |j KM.0023910 |j KM.0023911 |
| 910 | |d 17/11/2017 | ||
| 980 | # | # | |a Trung tâm Học liệu Lê Vũ Hùng, Trường Đại học Đồng Tháp |